Holiday camp

Bibliographic Details
Main Author: Shirley Tan
Corporate Author: Title
Format: Book
Published: Selangor : Bright Publication , 2003
Series:Bright readers
Subjects:

MARC

LEADER 00000cam a2200000 7i4500
001 0000001789
005 20151222.0
008 070709
020 |a 9832400619 
090 0 0 |a JF   |b ENG (2179) 
100 1 |a Shirley Tan 
245 1 0 |a Holiday camp   |c Shirley Tan 
260 |a Selangor :   |b Bright Publication ,   |c 2003 
440 0 |a Bright readers 
500 |a Children ages 7-9 years old (orange) 
650 0 |a Children's stories, English 
710 0 |a Title 
999 |a 0000008293   |b Book   |c Children Collection   |e Cawangan Taman Universiti 
999 |a 0000008294   |b Book   |c Children Collection   |e Cawangan Taman Universiti 
999 |a 0000008295   |b Book   |c Children Collection   |e Cawangan Taman Universiti 
999 |a 0000008296   |b Book   |c Children Collection   |e Cawangan Taman Universiti 
999 |a 0000889198   |b Cassette   |c Children Collection   |e Cawangan Pontian 
999 |a 0000962024   |b Book   |c Children Collection   |e Cawangan Sri Merlong 
999 |a 0000962026   |b Book   |c Children Collection   |e Perbadanan Perpustakaan Awam Johor 
999 |a 0000962027   |b Book   |c Children Collection   |e Perbadanan Perpustakaan Awam Johor 
999 |a 0000962028   |b Book   |c Children Collection   |e Perbadanan Perpustakaan Awam Johor